000
00260 a2200109 4500
001
66269
040
_c
Anchieta - Pituba
240
1
0
_a
Releitura dramática 2001
_l
245
1
0
_a
Releitura dramática 2001
650
4
_a
Línguas espanhola e portuguesa
942
_c
MX
999
_c
66269
_d
66269